000 01485 a2200229 4500
020 _a0521348641
020 _a9780521348645
082 0 4 _a428.0071
090 _c1600
_d1600
100 1 _aDoff, Adrian.
245 1 0 _aTeach english trainer's handbook :
_ba training course for teachers /
_cAdrian Doff.
250 _aTeacher's Edition ed.
260 _a[S.l.] :
_bCambridge University Press,
_c1988.
300 _a294 p. ;
_c23 cm.
490 1 _aCambridge teacher training and development.
500 _aPaperback.
520 _aTeach English is a teacher training course that develops practical skills in the teaching of English as a second language. It can be used in a variety of situations: in-service courses for teachers working at the secondary school level or in language institutes, in pre-service training of secondary school teachers, and as part of a refresher course in practical methodology for more experienced teachers. It is especially designed to meet the needs of teachers whose first language is not English, who teach large classes in rigid classrooms with few resources, who follow a set of syllabus and textbook, who have little control over course content or material.
830 0 _aCambridge teacher training and development.
856 4 0 _3Amazon.com
_uhttp://www.amazon.com/exec/obidos/ASIN/0521348641/chopaconline-20
856 4 0 _3Amazon customer reviews
_uhttp://www.chopac.org/cgi-bin/tools/azrev.pl?q=0521348641
942 _aNBS
_cBK
_k428.2407 DOF
999 _c344118
_d344118